000 00241nam a2200109Ia 4500
008 200302s9999 xx 000 0 und d
100 _aMario Gandelsonas
245 _aThe Urban Text
260 _bThe MIT Press
260 _c1991
300 _a95
999 _c7256
_d7256